Suivez-vous attentivement les JO ? Médailles du 9 août - Statistiques

Statistiques générales
  • Ce quiz a été pris 10 fois
  • Le résultat moyen est 86 sur 99
Statistiques - réponses
Sport Discipline Pays % Correct
Athlétisme 9 août Argent H - 4x100 M Afrique-du-Sud
100%
Athlétisme 9 août Bronze F - 4X100 M Allemagne
100%
Athlétisme 9 août Or F - Lancer du poids Allemagne Pas de Française qualifiée
100%
Canoë-kayak 9 août Or H - K2 500 M Allemagne Pas de Française qualifiée
100%
Gymnastique rythmique 9 août Or Concours général individuel Allemagne France 17e
100%
Natation 9 août Argent M - Eaux vives - 10 Km Allemagne
100%
Canoë-kayak 9 août Bronze F - K2 500 M Allemagne | Hongrie
100%
Athlétisme 9 août Bronze H - 400 M Haies Brésil
100%
Beach-volley 9 août Or F Brésil Pas de Françaises en finale
100%
Canoë-kayak 9 août Argent H - C1 1000 M Brésil
100%
Athlétisme 9 août Or H - 4x100 M Canada France 6e
100%
Beach-volley 9 août Argent F Canada
100%
Athlétisme 9 août Bronze F - Lancer du poids Chine
100%
Boxe 9 août Or F - Poids mouches Chine Pas de qualifiée
100%
Boxe 9 août Argent F - Poids welters Chine
100%
Breakdance 9 août Bronze F - B-Girls Chine
100%
Plongeon 9 août Or F - Tremplin à 3 M Chine Pas de Française qualifiée
100%
Plongeon 9 août Bronze F - Tremplin à 3 M Chine
100%
Tennis de table 9 août Or H - Par équipes Chine
100%
Lutte 9 août Bronze F - Libre - Moins de 57 kilos Chine | Etats-Unis
100%
Taekwondo 9 août Bronze H - Moins de 80 kilos Danemark | Italie
100%
Athlétisme 9 août Or H - Triple saut Espagne France 8e
100%
Football 9 août Or H Espagne
100%
Boxe 9 août Bronze H - Poids lourds Espagne | Tadjikistan
100%
Athlétisme 9 août Or H - 400 M Haies Etats-Unis France 4e
100%
Athlétisme 9 août Or F - 4X100 M Etats-Unis France 4e
100%
Haltérophilie 9 août Or F - Moins de 71 kilos Etats-Unis France 5e
100%
Lutte 9 août Argent H - Libre - Moins de 57 kilos Etats-Unis
100%
Taekwondo 9 août Bronze F - Moins de 67 kilos Etats-Unis | Belgique
100%
Lutte 9 août Bronze H - Libre - Moins de 86 kilos Etats-Unis | Grèce
100%
Boxe 9 août Bronze H - Poids welters Etats-Unis | Royaume-Uni Pas de Françaises en finale
100%
Football 9 août Argent H France
100%
Tennis de table 9 août Bronze H - Par équipes France
100%
Athlétisme 9 août Bronze H - Triple saut Italie
100%
Athlétisme 9 août Argent F - 10000 M Italie
100%
Cyclisme 9 août Or F - Course à l'américaine Italie France 5e
100%
Gymnastique rythmique 9 août Bronze Concours général individuel Italie
100%
Haltérophilie 9 août Bronze H - Moins de 89 kilos Italie
100%
Athlétisme 9 août Argent H - 400 M Haies Norvège
100%
Athlétisme 9 août Argent F - Lancer du poids Nouvelle-Zélande
100%
Canoë-kayak 9 août Or F - K2 500 M Nouvelle-Zélande France 13e
100%
Athlétisme 9 août Argent H - Triple saut Portugal
100%
Athlétisme 9 août Bronze H - 4x100 M Royaume-Uni
100%
Athlétisme 9 août Argent F - 4X100 M Royaume-Uni
100%
Athlétisme 9 août Argent F - Heptathlon Royaume-Uni
100%
Cyclisme 9 août Bronze H - Vitesse individuelle Royaume-Uni
100%
Cyclisme 9 août Argent F - Course à l'américaine Royaume-Uni
100%
Escalade 9 août Or H - Combiné Royaume-Uni France 8e
100%
Tennis de table 9 août Argent H - Par équipes Suède
100%
Canoë-kayak 9 août Bronze H - K2 500 M Australie
88%
Cyclisme 9 août Argent H - Vitesse individuelle Australie
88%
Plongeon 9 août Argent F - Tremplin à 3 M Australie
88%
Gymnastique rythmique 9 août Argent Concours général individuel Bulgarie
88%
Haltérophilie 9 août Or H - Moins de 89 kilos Bulgarie France 9e
88%
Lutte 9 août Or H - Libre - Moins de 86 kilos Bulgarie Pas de Français qualifié
88%
Canoë-kayak 9 août Argent H - K2 500 M Hongrie
88%
Canoë-kayak 9 août Argent F - K2 500 M Hongrie
88%
Natation 9 août Or M - Eaux vives - 10 Km Hongrie France 5e
88%
Natation 9 août Bronze M - Eaux vives - 10 Km Hongrie
88%
Taekwondo 9 août Or F - Moins de 67 kilos Hongrie Pas de Française en finale
88%
Lutte 9 août Bronze H - Libre - Moins de 57 kilos Inde | Ouzbékistan
88%
Lutte 9 août Argent H - Libre - Moins de 86 kilos Iran
88%
Taekwondo 9 août Argent H - Moins de 80 kilos Iran
88%
Breakdance 9 août Or F - B-Girls Japon Pas de Françaises en finale
88%
Escalade 9 août Argent H - Combiné Japon
88%
Lutte 9 août Or F - Libre - Moins de 57 kilos Japon Pas de Française qualifiée
88%
Lutte 9 août Or H - Libre - Moins de 57 kilos Japon Pas de Français qualifié
88%
Boxe 9 août Bronze F - Poids mouches Kazakhstan | Philippines
88%
Athlétisme 9 août Or F - 10000 M Kenya France Abandon
88%
Boxe 9 août Argent H - Poids welters Mexique
88%
Athlétisme 9 août Bronze F - 10000 M Pays-Bas
88%
Cyclisme 9 août Or H - Vitesse individuelle Pays-Bas Pas de Français en finale
88%
Cyclisme 9 août Bronze F - Course à l'américaine Pays-Bas
88%
Athlétisme 9 août Bronze F - 400 M Pologne
88%
Beach-volley 9 août Bronze F Suisse
88%
Boxe 9 août Argent F - Poids mouches Turquie
88%
Boxe 9 août Argent H - Poids lourds Azerbaïdjan
75%
Athlétisme 9 août Or F - Heptathlon Belgique France 16e
75%
Athlétisme 9 août Bronze F - Heptathlon Belgique
75%
Breakdance 9 août Argent F - B-Girls Lituanie
75%
Football 9 août Bronze H Maroc
75%
Boxe 9 août Or H - Poids welters Ouzbékistan
75%
Boxe 9 août Or H - Poids lourds Ouzbékistan
75%
Voile 9 août Argent H - Formula Kite Slovénie
75%
Boxe 9 août Bronze F - Poids welters Taïwan | Thaïlande
75%
Canoë-kayak 9 août Or H - C1 1000 M Tchéquie France 8e
75%
Taekwondo 9 août Or H - Moins de 80 kilos Tunisie Pas de Français qualifié
75%
Boxe 9 août Or F - Poids welters Algérie Pas de qualifiée
63%
Escalade 9 août Bronze H - Combiné Autriche
63%
Voile 9 août Or H - Formula Kite Autriche Pas de Française en finale
63%
Haltérophilie 9 août Argent H - Moins de 89 kilos Colombie
63%
Haltérophilie 9 août Argent F - Moins de 71 kilos Colombie
63%
Taekwondo 9 août Argent F - Moins de 67 kilos Serbie
63%
Athlétisme 9 août Or F - 400 M République dominicaine Pas de Française qualifiée
50%
Athlétisme 9 août Argent F - 400 M Bahreïn
38%
Haltérophilie 9 août Bronze F - Moins de 71 kilos Equateur
25%
Canoë-kayak 9 août Bronze H - C1 1000 M Moldavie
25%
Lutte 9 août Argent F - Libre - Moins de 57 kilos Moldavie
25%
Voile 9 août Bronze H - Formula Kite Singapour
13%
Aucun quiz correspondant
Distribution des résultats
% des personnes avec chaque résultat
Percentile par nombre de réponses
Votre historique - résultats
Vous n’avez pas pris ce quiz